000 00330nmm a2200145 a 4500
003 AR-BaBNM
005 20251128203121.0
008 223119s1897 ||||||||||||||000 | spa||
040 _cAR-BaBNM
100 1 _aValdivia, Luís de
245 1 0 _aNueve sermones
260 _a[S.l.]
_bElzeviriana
_c1897
942 _cBK
998 _cRhizi
999 _c1978
_d1978